[Event "EU-Cup 39th"]
[White "Vantorre, Nils"]
[Black "Mazur, Stefan"]
[Site "Vrnjacka Banja"]
[Round "6.4"]
[Result "1/2-1/2"]
[Date "2024.10.25"]
[WhiteElo "2085"]
[BlackElo "2432"]
[PlyCount "63"]
[EventDate "2024.10.20"]
[EventType "team-swiss"]
[EventRounds "7"]
[EventCountry "SRB"]
[SourceTitle "CB44_2024"]
[Source "Chessbase"]
[SourceDate "2024.10.30"]
[SourceVersion "1"]
[SourceVersionDate "2024.10.30"]
[SourceQuality "1"]
[WhiteTeam "Bruges"]
[BlackTeam "Nitra K CERO"]
[WhiteTeamCountry "BEL"]
[BlackTeamCountry "SVK"]

1. e4 e5 2. Nf3 Nc6 3. Bb5 Nge7 4. Nc3 Ng6 5. d4 exd4 6. Nxd4 Nxd4 7. Qxd4 c6 8. Be2 Qb6 9. Qxb6 axb6 10. Be3 b5 11. 0-0 b4 12. Nb1 Be7 13. c3 0-0 14. f4 Re8 15. Bd3 b5 16. a3 Bb7 17. cxb4 Bxb4 18. Nd2 Bf8 19. g3 f5 20. Bf2 fxe4 21. Nxe4 d6 22. h4 c5 23. Ng5 c4 24. Bf5 Kh8 25. h5 Ne7 26. Bd7 Reb8 27. Nf7+ Kg8 28. Be6 Bd5 29. Nh6+ Kh8 30. Nf7+ Kg8 31. Nh6+ Kh8 32. Nf7+ 1/2-1/2

[Event "EU-Cup 39th"]
[White "Vantorre, Nils"]
[Black "Erenberg, Ariel"]
[Site "Vrnjacka Banja"]
[Round "2.4"]
[Result "0-1"]
[Date "2024.10.21"]
[WhiteElo "2085"]
[BlackElo "2504"]
[PlyCount "96"]
[EventDate "2024.10.20"]
[EventType "team-swiss"]
[EventRounds "7"]
[EventCountry "SRB"]
[SourceTitle "CB44_2024"]
[Source "Chessbase"]
[SourceDate "2024.10.30"]
[SourceVersion "1"]
[SourceVersionDate "2024.10.30"]
[SourceQuality "1"]
[WhiteTeam "Bruges"]
[BlackTeam "Kfar Saba"]
[WhiteTeamCountry "BEL"]
[BlackTeamCountry "ISR"]

1. e4 c5 2. Nf3 d6 3. d4 cxd4 4. Nxd4 Nf6 5. Nc3 a6 6. f3 e5 7. Nb3 Be7 8. Be3 Be6 9. Qd2 h5 10. Be2 Nbd7 11. Nd5 Nxd5 12. exd5 Bf5 13. 0-0 0-0 14. Na5 Qc7 15. c4 Bg6 16. b4 f5 17. c5 f4 18. Bf2 e4 19. fxe4 Bxe4 20. Rac1 Ne5 21. Nc4 Qd8 22. Nxe5 dxe5 23. Bf3 Bxf3 24. gxf3 Qd7 25. Qd3 Bf6 26. Qe4 Qa4 27. d6 Rf7 28. Qc4 Qc6 29. Qe4 Qa4 30. Qc4 g5 31. Kh1 g4 32. Qd3 Qc6 33. Qe4 Rg7 34. Rg1 Rf8 35. a4 Qxa4 36. c6 bxc6 37. Bc5 Qb3 38. d7 Rd8 39. fxg4 Qd5 40. Qxd5+ cxd5 41. g5 Be7 42. Bb6 Rxd7 43. g6 Kh8 44. Bc7 Bf6 45. Rc6 Rxc7 46. Rxf6 Rge7 47. Rf5 Kg7 48. Rxh5 f3 0-1

[Event "NED-chT 2425"]
[White "Vantorre, Nils"]
[Black "Van Roon, Sjoerd"]
[Site "Netherlands"]
[Round "1.8"]
[Result "0-1"]
[Date "2024.09.21"]
[WhiteElo "2156"]
[BlackElo "2282"]
[PlyCount "58"]
[EventDate "2024.09.21"]
[EventType "team-tourn"]
[EventRounds "9"]
[EventCountry "NED"]
[SourceTitle "EXT 2025"]
[Source "ChessBase"]
[SourceDate "2024.10.14"]
[SourceVersion "1"]
[SourceVersionDate "2024.10.14"]
[SourceQuality "1"]
[WhiteTeam "Sas van Gent"]
[BlackTeam "De Stukkenjagers"]
[WhiteTeamCountry "NED"]
[BlackTeamCountry "NED"]

1. e4 c5 2. Nf3 Nc6 3. d4 cxd4 4. Nxd4 Nf6 5. Nc3 e5 6. Ndb5 d6 7. Bg5 a6 8. Na3 b5 9. Nab1 Be6 10. Bxf6 gxf6 11. Nd5 Bg7 12. a4 0-0 13. axb5 axb5 14. Rxa8 Qxa8 15. Bxb5 Nd4 16. Bc4 f5 17. 0-0 fxe4 18. Nbc3 Kh8 19. b3 Qb7 20. Ne3 Bxc4 21. bxc4 f5 22. Qb1 Qf7 23. Nb5 f4 24. Nd5 f3 25. g3 Qe6 26. Ne3 Qh3 27. Nc7 Bh6 28. Ncd5 Bxe3 29. Nxe3 Nf5 0-1

[Event "Vlissingen HZ op 26th"]
[White "Vantorre, Nils"]
[Black "Oostvogels, Niek"]
[Site "Vlissingen"]
[Round "7"]
[Result "1-0"]
[Date "2024.08.08"]
[WhiteElo "2153"]
[BlackElo "1960"]
[PlyCount "41"]
[EventDate "2024.08.03"]
[EventType "swiss"]
[EventRounds "9"]
[EventCountry "NED"]
[SourceTitle "CBM 221 Extra"]
[Source "ChessBase"]
[SourceDate "2024.09.30"]
[SourceVersion "1"]
[SourceVersionDate "2024.09.30"]
[SourceQuality "1"]

1. e4 e6 2. d4 d5 3. Nc3 dxe4 4. Nxe4 Nd7 5. Nf3 Ngf6 6. Nxf6+ Nxf6 7. Bd3 Be7 8. Qe2 0-0 9. Bg5 c5 10. 0-0-0 Qa5 11. Kb1 Re8 12. h4 cxd4 13. Ne5 g6 14. h5 Nd7 15. hxg6 fxg6 16. Bf4 Nxe5 17. Bxe5 Rf8 18. Rxh7 Bf6 19. Qe4 Qxe5 20. Qxg6+ Bg7 21. Rh8+ 1-0

[Event "Vlissingen HZ op 26th"]
[White "De Winter, Arthur"]
[Black "Vantorre, Nils"]
[Site "Vlissingen"]
[Round "3"]
[Result "1-0"]
[Date "2024.08.04"]
[WhiteElo "2411"]
[BlackElo "2153"]
[PlyCount "83"]
[EventDate "2024.08.03"]
[EventType "swiss"]
[EventRounds "9"]
[EventCountry "NED"]
[SourceTitle "CBM 221 Extra"]
[Source "ChessBase"]
[SourceDate "2024.09.30"]
[SourceVersion "1"]
[SourceVersionDate "2024.09.30"]
[SourceQuality "1"]

1. e4 c5 2. Nf3 d6 3. d4 cxd4 4. Nxd4 Nf6 5. Nc3 a6 6. Be3 Ng4 7. Bc1 Nf6 8. Bd3 e5 9. Nde2 Be7 10. 0-0 Nbd7 11. Ng3 g6 12. Bh6 b5 13. a4 b4 14. Na2 Rb8 15. Qe1 b3 16. cxb3 Ng4 17. Bd2 Nc5 18. Bc4 Nxb3 19. Bxb3 Rxb3 20. Nb4 Bg5 21. Nc6 Bxd2 22. Qxd2 Qd7 23. Na5 Rb6 24. h3 Nf6 25. Qh6 Qd8 26. Rac1 Bd7 27. Nc4 Rc6 28. Rfd1 Qe7 29. b4 Qe6 30. Nf5 gxf5 31. exf5 Qxf5 32. Nxd6+ Rxd6 33. Rxd6 Ne4 34. Rxa6 Qxf2+ 35. Kh1 Ke7 36. Rd1 Rg8 37. Rxd7+ Kxd7 38. Qc6+ Ke7 39. Qb7+ Kf8 40. Ra8+ Kg7 41. Rxg8+ Kxg8 42. Qxe4 1-0

[Event "Vlissingen HZ op 26th"]
[White "Verhoef, Harry"]
[Black "Vantorre, Nils"]
[Site "Vlissingen"]
[Round "1"]
[Result "0-1"]
[Date "2024.08.03"]
[WhiteElo "1852"]
[BlackElo "2153"]
[PlyCount "56"]
[EventDate "2024.08.03"]
[EventType "swiss"]
[EventRounds "9"]
[EventCountry "NED"]
[SourceTitle "CBM 221 Extra"]
[Source "ChessBase"]
[SourceDate "2024.09.30"]
[SourceVersion "1"]
[SourceVersionDate "2024.09.30"]
[SourceQuality "1"]

1. d4 Nf6 2. c4 g6 3. Nc3 d5 4. g3 c5 5. dxc5 d4 6. Nb5 Nc6 7. Bg2 e5 8. Nd6+ Bxd6 9. cxd6 Qxd6 10. b3 0-0 11. Nh3 Bf5 12. 0-0 Rfe8 13. Bb2 Rad8 14. Re1 Qd7 15. Ng5 h6 16. Nf3 e4 17. Nd2 Ng4 18. Nf1 h5 19. f3 exf3 20. Bxf3 Be4 21. e3 Qf5 22. Bxg4 hxg4 23. exd4 Ne5 24. Nd2 Bc2 25. Qc1 Nd3 26. Rxe8+ Rxe8 27. Qxc2 Qf2+ 28. Kh1 Re2 0-1

[Event "Blankenberge Flemish op"]
[White "Muetsch, Annmarie"]
[Black "Vantorre, Nils"]
[Site "Blankenberge"]
[Round "7"]
[Result "1/2-1/2"]
[Date "2024.04.11"]
[WhiteElo "2283"]
[BlackElo "2090"]
[PlyCount "48"]
[EventDate "2024.04.07"]
[EventType "swiss"]
[EventRounds "9"]
[EventCountry "BEL"]
[SourceTitle "EXT 2025"]
[Source "ChessBase"]
[SourceDate "2024.10.14"]
[SourceVersion "1"]
[SourceVersionDate "2024.10.14"]
[SourceQuality "1"]

1. d4 Nf6 2. c4 g6 3. g3 Bg7 4. Bg2 d5 5. Nf3 0-0 6. 0-0 Nc6 7. cxd5 Nxd5 8. e4 Nb6 9. d5 Na5 10. Nc3 c6 11. Bg5 cxd5 12. exd5 h6 13. Be3 Nac4 14. Bd4 Nxb2 15. Qb3 N2c4 16. Rad1 Bf5 17. Bxg7 Kxg7 18. Rd4 Rc8 19. g4 Bd7 20. Re1 Re8 21. Bf1 Qc7 22. Nb5 Qc5 23. Nxa7 Ra8 24. Qc3 Qa3 1/2-1/2

[Event "Blankenberge Flemish op"]
[White "Vantorre, Nils"]
[Black "Ruzhansky, Elias"]
[Site "Blankenberge"]
[Round "5"]
[Result "1/2-1/2"]
[Date "2024.04.10"]
[WhiteElo "2090"]
[BlackElo "2143"]
[PlyCount "77"]
[EventDate "2024.04.07"]
[EventType "swiss"]
[EventRounds "9"]
[EventCountry "BEL"]
[SourceTitle "EXT 2025"]
[Source "ChessBase"]
[SourceDate "2024.10.14"]
[SourceVersion "1"]
[SourceVersionDate "2024.10.14"]
[SourceQuality "1"]

1. e4 c5 2. Nf3 Nc6 3. d4 cxd4 4. Nxd4 Nf6 5. Nc3 d6 6. Bg5 e6 7. Qd2 a6 8. 0-0-0 Be7 9. f4 Nxd4 10. Qxd4 b5 11. Kb1 Bb7 12. a3 h6 13. Bh4 0-0 14. Bf2 Ng4 15. Bg1 Bf6 16. e5 dxe5 17. Qc5 Qc8 18. Qxc8 Rfxc8 19. h3 exf4 20. hxg4 Bxc3 21. bxc3 Rxc3 22. Rh3 Rc7 23. Rhd3 Bd5 24. Rxd5 exd5 25. Rxd5 Re7 26. Rd1 Rae8 27. Bd3 Re5 28. Bh2 g5 29. Bg1 Kf8 30. Bf2 Rd8 31. Rh1 Kg7 32. Kc1 Rxd3 33. cxd3 Re2 34. Rf1 Kg6 35. d4 Ra2 36. Kb1 Rd2 37. Kc1 Ra2 38. Kb1 Rd2 39. Kc1 1/2-1/2

[Event "BEL-chT 2324"]
[White "Vantorre, Nils"]
[Black "Maltezeanu, Stefan"]
[Site "Belgium"]
[Round "1.8"]
[Result "1/2-1/2"]
[Date "2023.09.24"]
[WhiteElo "2017"]
[BlackElo "2104"]
[PlyCount "47"]
[EventDate "2023.09.24"]
[EventType "team-tourn"]
[EventRounds "11"]
[EventCountry "BEL"]
[SourceTitle "EXT 2025"]
[Source "ChessBase"]
[SourceDate "2024.10.14"]
[SourceVersion "1"]
[SourceVersionDate "2024.10.14"]
[SourceQuality "1"]
[WhiteTeam "KBSK Brugge"]
[BlackTeam "Crelel"]
[WhiteTeamCountry "BEL"]
[BlackTeamCountry "BEL"]

1. e4 c5 2. Nf3 d6 3. d4 cxd4 4. Nxd4 Nf6 5. Nc3 g6 6. f3 Bg7 7. Be3 a6 8. Bc4 b5 9. Bb3 Bb7 10. Qd2 h5 11. 0-0-0 Nbd7 12. Kb1 Rc8 13. Rhe1 Ne5 14. Nd5 Nxd5 15. exd5 0-0 16. Bh6 Bxh6 17. Qxh6 a5 18. Rxe5 dxe5 19. Ne6 fxe6 20. Qxg6+ Kh8 21. Qh6+ Kg8 22. Qg6+ Kh8 23. Qh6+ Kg8 24. Qg6+ 1/2-1/2

[Event "Ghent op-B 44th"]
[White "Vantorre, Nils"]
[Black "Goudriaan, Etienne"]
[Site "Ghent"]
[Round "4"]
[Result "0-1"]
[Date "2023.07.16"]
[WhiteElo "2058"]
[BlackElo "2322"]
[PlyCount "82"]
[EventDate "2023.07.11"]
[EventType "swiss"]
[EventRounds "9"]
[EventCountry "BEL"]
[SourceTitle "EXT 2024"]
[Source "ChessBase"]
[SourceDate "2023.10.10"]
[SourceVersion "1"]
[SourceVersionDate "2023.10.10"]
[SourceQuality "1"]

1. e4 c6 2. Nf3 d5 3. d3 dxe4 4. dxe4 Qxd1+ 5. Kxd1 Nf6 6. Nbd2 g6 7. Bd3 Nbd7 8. c3 Ng4 9. Ke2 Nge5 10. Nxe5 Nxe5 11. Bc2 b6 12. b3 Bg7 13. Bb2 0-0 14. c4 c5 15. f4 Nc6 16. e5 Bg4+ 17. Ke3 f6 18. exf6 exf6 19. Be4 Rae8 20. Kf2 Nb4 21. Bc3 f5 22. Bxg7 Kxg7 23. Bf3 Nd3+ 24. Kg3 Bxf3 25. Nxf3 Re3 26. Rhd1 Rfe8 27. Rd2 R8e4 28. Rad1 Nxf4 29. Rd7+ Kh6 30. Rxa7 Re2 31. Rd2 Nh5+ 32. Kh3 Rxd2 33. Nxd2 Re3+ 34. Nf3 g5 35. Rb7 g4+ 36. Kh4 Nf4 37. Rxb6+ Ng6+ 38. Kg3 gxf3 39. gxf3 Kg5 40. a4 f4+ 41. Kf2 Ne5 0-1

[Event "BEL-chT 2223"]
[White "Van Daele, Dave"]
[Black "Vantorre, Nils"]
[Site "Belgium"]
[Round "10.1"]
[Result "0-1"]
[Date "2023.04.16"]
[WhiteElo "1590"]
[BlackElo "1920"]
[PlyCount "64"]
[EventDate "2022.09.25"]
[EventType "team-tourn"]
[EventRounds "11"]
[EventCountry "BEL"]
[SourceTitle "EXT 2024"]
[Source "ChessBase"]
[SourceDate "2023.10.10"]
[SourceVersion "1"]
[SourceVersionDate "2023.10.10"]
[SourceQuality "1"]
[WhiteTeam "Brasschaat"]
[BlackTeam "KBSK Brugge"]
[WhiteTeamCountry "BEL"]
[BlackTeamCountry "BEL"]

1. e4 c5 2. Nc3 Nc6 3. Bc4 g6 4. d3 Bg7 5. Nge2 d6 6. 0-0 e6 7. f4 Nge7 8. Bb3 0-0 9. Be3 Nd4 10. Qc1 Nec6 11. Ng3 b6 12. Nce2 Nxb3 13. cxb3 h5 14. Nc3 h4 15. Nge2 d5 16. e5 d4 17. Nb5 dxe3 18. Qxe3 Nd4 19. Nexd4 cxd4 20. Qf3 Qd5 21. Nd6 Qxf3 22. Rxf3 g5 23. g3 g4 24. Rf2 hxg3 25. hxg3 Ba6 26. Rd1 Rad8 27. Nc4 f6 28. Re1 Bxc4 29. bxc4 fxe5 30. fxe5 Rxf2 31. Kxf2 Rf8+ 32. Kg2 Rf3 0-1

[Event "BEL-chT 2223"]
[White "Vantorre, Nils"]
[Black "Bezsilko, Philippe"]
[Site "Belgium"]
[Round "1.7"]
[Result "1/2-1/2"]
[Date "2022.09.25"]
[WhiteElo "1926"]
[BlackElo "2170"]
[PlyCount "126"]
[EventDate "2022.09.25"]
[EventType "team-tourn"]
[EventRounds "11"]
[EventCountry "BEL"]
[SourceTitle "EXT 2024"]
[Source "ChessBase"]
[SourceDate "2023.10.10"]
[SourceVersion "1"]
[SourceVersionDate "2023.10.10"]
[SourceQuality "1"]
[WhiteTeam "KBSK Brugge"]
[BlackTeam "KGSRL"]
[WhiteTeamCountry "BEL"]
[BlackTeamCountry "BEL"]

1. e4 c5 2. Nf3 a6 3. c4 Nc6 4. d4 cxd4 5. Nxd4 d6 6. Nc3 g6 7. Be3 Bg7 8. Qd2 Nf6 9. f3 Be6 10. Be2 Nxd4 11. Bxd4 0-0 12. 0-0 Rc8 13. b3 Nd7 14. Bxg7 Kxg7 15. Qd4+ f6 16. Nd5 Re8 17. b4 Bxd5 18. exd5 Qb6 19. Qxb6 Nxb6 20. Rac1 Rc7 21. Rfd1 Rec8 22. c5 dxc5 23. bxc5 Rxc5 24. Rxc5 Rxc5 25. d6 exd6 26. Rxd6 Rc1+ 27. Kf2 Rb1 28. Ke3 Rb2 29. Rd2 Rxd2 30. Kxd2 Kf7 31. Kc3 Ke6 32. Kd4 Kd6 33. Bd3 Nd7 34. h4 Nc5 35. Bc2 Ne6+ 36. Ke3 b5 37. h5 f5 38. hxg6 hxg6 39. f4 Kc5 40. Bb3 Kd6 41. Bc2 Kc5 42. Bb3 Nc7 43. Bf7 Nd5+ 44. Kf3 Ne7 45. Ke3 a5 46. Kd3 a4 47. a3 Nd5 48. g3 b4 49. axb4+ Nxb4+ 50. Kc3 Nd5+ 51. Kb2 Ne7 52. Ka3 Kd4 53. Kxa4 Ke3 54. Kb4 Kf3 55. Kc5 Kxg3 56. Kd6 Kxf4 57. Kxe7 g5 58. Kf6 g4 59. Bd5 g3 60. Bg2 Ke3 61. Kxf5 Kf2 62. Be4 g2 63. Bxg2 Kxg2 1/2-1/2

[Event "Online Friendship U12"]
[White "Juracak, David"]
[Black "Vantorre, Nils"]
[Site "Tornelo INT"]
[Round "4.2"]
[Result "1-0"]
[Date "2020.11.21"]
[WhiteElo "1415"]
[BlackElo "1652"]
[PlyCount "31"]
[EventDate "2020.11.21"]
[EventType "team-swiss"]
[EventRounds "7"]
[EventCountry "BLR"]
[SourceTitle "CBM 199 Extra"]
[Source "ChessBase"]
[SourceDate "2021.01.31"]
[SourceVersion "1"]
[SourceVersionDate "2021.01.31"]
[SourceQuality "1"]
[WhiteTeam "Czech Interchess Academy"]
[BlackTeam "Belgium"]
[WhiteTeamCountry "CZE"]
[BlackTeamCountry "BEL"]

1. d4 Nf6 2. c4 g6 3. Nf3 Bg7 4. e3 0-0 5. Be2 d5 6. Nc3 c5 7. dxc5 Qa5 8. 0-0 Qxc5 9. cxd5 Rd8 10. e4 e6 11. Be3 Qa5 12. Bc4 b5 13. Bxb5 exd5 14. exd5 Nxd5 15. Nxd5 Qxb5 16. Ne7+ 1-0

[Event "EU-ch Online U18"]
[White "Vantorre, Nils"]
[Black "Eftovski, Mateo"]
[Site "Tornelo INT"]
[Round "8"]
[Result "0-1"]
[Date "2020.09.20"]
[WhiteElo "1652"]
[BlackElo "1818"]
[PlyCount "78"]
[EventDate "2020.09.18"]
[EventType "swiss (rapid)"]
[EventRounds "9"]
[EventCountry "ENG"]
[SourceTitle "CBM 198 Extra"]
[Source "ChessBase"]
[SourceDate "2020.11.30"]
[SourceVersion "1"]
[SourceVersionDate "2020.11.30"]
[SourceQuality "1"]

1. e4 e5 2. Nf3 Nc6 3. d4 exd4 4. Nxd4 Bc5 5. Nxc6 bxc6 6. Bd3 d6 7. Nc3 Ne7 8. 0-0 0-0 9. Na4 Bb6 10. Nxb6 axb6 11. f4 f5 12. e5 Ng6 13. Bc4+ Kh8 14. Re1 Ra5 15. b4 Ra8 16. Bb2 d5 17. Bb3 Nxf4 18. Qf3 Ne6 19. b5 Nc5 20. bxc6 Nxb3 21. axb3 Rxa1 22. Rxa1 Be6 23. Rd1 Qa8 24. Qc3 Qa6 25. Kf2 f4 26. Ra1 Qc8 27. b4 f3 28. g3 Qe8 29. b5 Qh5 30. h4 Qg4 31. Rh1 Qe4 32. Re1 Qg4 33. Qa3 Kg8 34. Rh1 Qc4 35. Qd3 Qg4 36. Qd4 Qg6 37. Ra1 Qxc2+ 38. Kf1 Qe2+ 39. Kg1 Qg2# 0-1

[Event "EU-ch Online U18"]
[White "Murphy, Sean"]
[Black "Vantorre, Nils"]
[Site "Tornelo INT"]
[Round "3"]
[Result "0-1"]
[Date "2020.09.18"]
[WhiteElo "1990"]
[BlackElo "1652"]
[PlyCount "118"]
[EventDate "2020.09.18"]
[EventType "swiss (rapid)"]
[EventRounds "9"]
[EventCountry "ENG"]
[SourceTitle "CBM 198 Extra"]
[Source "ChessBase"]
[SourceDate "2020.11.30"]
[SourceVersion "1"]
[SourceVersionDate "2020.11.30"]
[SourceQuality "1"]

1. Nh3 d5 2. g3 e5 3. f4 Nc6 4. fxe5 Nxe5 5. Bg2 Nf6 6. Nf4 c6 7. d4 Ng6 8. Qd3 Bd6 9. 0-0 Nxf4 10. Bxf4 Bg4 11. Nc3 Bxf4 12. Rxf4 Bh5 13. e4 Bg6 14. Qe2 0-0 15. e5 Re8 16. Qf2 Nd7 17. Re1 Nf8 18. Rf1 Ne6 19. Rf3 Qb6 20. Rd1 Qxb2 21. Rd2 Qb6 22. h4 h5 23. Bh3 Qa6 24. Bf5 Rf8 25. Rd1 Bxf5 26. Rxf5 Qc4 27. Rf3 Rae8 28. Rdd3 b5 29. Kh2 b4 30. Nd1 Qxa2 31. Ne3 b3 32. cxb3 Qxf2+ 33. Rxf2 Rb8 34. Ra2 Rb4 35. Nf5 Rb7 36. Nd6 Rc7 37. Kg2 Rb8 38. Kf2 Rb4 39. Ke3 c5 40. dxc5 d4+ 41. Ke4 Nxc5+ 42. Kd5 Nxd3 43. Ra5 Rc5+ 44. Rxc5 Nxc5 45. Kxc5 Rxb3 46. Kxd4 Rxg3 47. Nf5 Rg4+ 48. Kd5 Rf4 49. Nd6 Rxh4 50. Kc6 Rh1 51. Kd7 Re1 52. Nc4 h4 53. Kd6 h3 54. Nd2 Re2 55. Nf3 Rf2 56. Nd4 h2 57. Nf5 Rxf5 58. e6 fxe6 59. Ke7 h1Q 0-1